<?xml version="1.0" encoding="UTF-8"?>
<record
    xmlns:xsi="http://www.w3.org/2001/XMLSchema-instance"
    xsi:schemaLocation="http://www.loc.gov/MARC21/slim http://www.loc.gov/standards/marcxml/schema/MARC21slim.xsd"
    xmlns="http://www.loc.gov/MARC21/slim">

  <leader>02558nas0a22004931i 4500</leader>
  <controlfield tag="001">RU\NLR\DRGNLR\4604</controlfield>
  <controlfield tag="005">20240729012852.0</controlfield>
  <datafield tag="035" ind1=" " ind2=" ">
    <subfield code="a">(NLR Aleph) 010313176</subfield>
  </datafield>
  <datafield tag="090" ind1=" " ind2=" ">
    <subfield code="a">10644341</subfield>
    <subfield code="c">10644341</subfield>
  </datafield>
  <datafield tag="100" ind1=" " ind2=" ">
    <subfield code="a">20080514b19061917u  y0rusy50      ca</subfield>
  </datafield>
  <datafield tag="101" ind1="0" ind2=" ">
    <subfield code="a">rus</subfield>
  </datafield>
  <datafield tag="102" ind1=" " ind2=" ">
    <subfield code="a">RU</subfield>
  </datafield>
  <datafield tag="110" ind1=" " ind2=" ">
    <subfield code="a">cya||||||||</subfield>
  </datafield>
  <datafield tag="200" ind1="1" ind2=" ">
    <subfield code="a">&#x421;&#x442;&#x430;&#x440;&#x44B;&#x439; &#x432;&#x43B;&#x430;&#x434;&#x438;&#x43C;&#x438;&#x440;&#x435;&#x446;</subfield>
    <subfield code="e">[&#x415;&#x436;&#x435;&#x434;&#x43D;. &#x433;&#x430;&#x437;. &#x43E;&#x431;&#x449;&#x435;&#x441;&#x442;&#x432;. &#x436;&#x438;&#x437;&#x43D;&#x438;, &#x43F;&#x43E;&#x43B;&#x438;&#x442;&#x438;&#x43A;&#x438;, &#x43B;&#x438;&#x442;. &#x438; &#x442;&#x43E;&#x440;&#x433;&#x43E;&#x432;&#x43B;&#x438;]</subfield>
    <subfield code="f">&#x420;&#x435;&#x434;.-&#x438;&#x437;&#x434;. &#x41F;.&#x424;.&#x41B;&#x435;&#x43E;&#x43D;&#x442;&#x44C;&#x435;&#x432;</subfield>
  </datafield>
  <datafield tag="210" ind1=" " ind2=" ">
    <subfield code="a">&#x412;&#x43B;&#x430;&#x434;&#x438;&#x43C;&#x438;&#x440;</subfield>
    <subfield code="d">1906, 27 &#x438;&#x44E;&#x43B;&#x44F; - 1917, 10 &#x441;&#x435;&#x43D;&#x442;</subfield>
  </datafield>
  <datafield tag="300" ind1=" " ind2=" ">
    <subfield code="a">&#x41F;&#x435;&#x440;&#x435;&#x440;&#x44B;&#x432; &#x432; &#x438;&#x437;&#x434;.:1907, 21 &#x43E;&#x43A;&#x442;. - 1908, 31 &#x438;&#x44E;&#x43B;&#x44F;</subfield>
  </datafield>
  <datafield tag="311" ind1=" " ind2=" ">
    <subfield code="a">&#x421; 12 &#x441;&#x435;&#x43D;&#x442;. &#x43F;&#x43E; 28 &#x434;&#x435;&#x43A;. 1917 &#x438;&#x437;&#x434;. &#x433;&#x430;&#x437;. "&#x412;&#x43B;&#x430;&#x434;&#x438;&#x43C;&#x438;&#x440;&#x441;&#x43A;&#x430;&#x44F; &#x436;&#x438;&#x437;&#x43D;&#x44C;" (&#x441;&#x43C;. )</subfield>
  </datafield>
  <datafield tag="430" ind1=" " ind2="0">
    <subfield code="1">2001#$a&#x412;&#x43B;&#x430;&#x434;&#x438;&#x43C;&#x438;&#x440;&#x435;&#x446;</subfield>
    <subfield code="t">&#x412;&#x43B;&#x430;&#x434;&#x438;&#x43C;&#x438;&#x440;&#x435;&#x446;</subfield>
  </datafield>
  <datafield tag="488" ind1=" " ind2="0">
    <subfield code="1">001RU\NLR\DRGNLR\705</subfield>
    <subfield code="1">2001#$a&#x412;&#x43B;&#x430;&#x434;&#x438;&#x43C;&#x438;&#x440;&#x441;&#x43A;&#x430;&#x44F; &#x436;&#x438;&#x437;&#x43D;&#x44C;$f&#x420;&#x435;&#x434;. &#x42F;.&#x415;.&#x41A;&#x43E;&#x440;&#x43E;&#x431;&#x43E;&#x432;</subfield>
    <subfield code="9">10631340</subfield>
    <subfield code="c">&#x412;&#x43B;&#x430;&#x434;&#x438;&#x43C;&#x438;&#x440;</subfield>
    <subfield code="d">1917, 12 &#x441;&#x435;&#x43D;&#x442; - 28 &#x434;&#x435;&#x43A;</subfield>
    <subfield code="f">&#x420;&#x435;&#x434;. &#x42F;.&#x415;.&#x41A;&#x43E;&#x440;&#x43E;&#x431;&#x43E;&#x432;</subfield>
    <subfield code="t">&#x412;&#x43B;&#x430;&#x434;&#x438;&#x43C;&#x438;&#x440;&#x441;&#x43A;&#x430;&#x44F; &#x436;&#x438;&#x437;&#x43D;&#x44C;</subfield>
  </datafield>
  <datafield tag="540" ind1="1" ind2=" ">
    <subfield code="a">&#x421;&#x442;&#x430;&#x440;&#x44B;&#x439; &#x432;&#x43B;&#x430;&#x434;&#x438;&#x43C;&#x438;&#x440;&#x435;&#x446;</subfield>
  </datafield>
  <datafield tag="702" ind1=" " ind2="1">
    <subfield code="a">&#x41B;&#x435;&#x43E;&#x43D;&#x442;&#x44C;&#x435;&#x432;</subfield>
    <subfield code="b">&#x41F;&#x430;&#x432;. &#x424;&#x435;&#x434;.</subfield>
    <subfield code="4">340</subfield>
  </datafield>
  <datafield tag="801" ind1=" " ind2="0">
    <subfield code="a">RU</subfield>
    <subfield code="b">NLR</subfield>
    <subfield code="c">20080514</subfield>
    <subfield code="g">PSBO</subfield>
    <subfield code="2">gzdor_isis</subfield>
  </datafield>
  <datafield tag="801" ind1=" " ind2="2">
    <subfield code="a">RU</subfield>
    <subfield code="b">NLR</subfield>
    <subfield code="c">20080514</subfield>
    <subfield code="g">PSBO</subfield>
    <subfield code="2">rusmarc</subfield>
  </datafield>
  <datafield tag="852" ind1=" " ind2=" ">
    <subfield code="a">NLR</subfield>
    <subfield code="j">1-&#x420;/1-104</subfield>
  </datafield>
  <datafield tag="852" ind1=" " ind2=" ">
    <subfield code="a">NLR</subfield>
    <subfield code="j">1-&#x420;/1-104&#x43F;&#x440;</subfield>
  </datafield>
  <datafield tag="942" ind1=" " ind2=" ">
    <subfield code="c">NEWSPAPER</subfield>
  </datafield>
  <datafield tag="980" ind1=" " ind2=" ">
    <subfield code="a">DRG</subfield>
  </datafield>
</record>
